Politické vedy časopis pre politológiu, najnovšie dejiny, medzinárodné vzťahy, bezpečnostné štúdiá

Enregistré dans:
Détails bibliographiques
Format: Publication en série
Langue:slovaque
Publié: Banská Bystrica Fakulta politických vied a medzinárodných vzťahov UMB 2007
Sujets:
Tags: Ajouter un tag
Pas de tags, Soyez le premier à ajouter un tag!

MARC

LEADER 00000nas2a2200000 4500
001 0129813
005 20110524134744.9
022 |a 1335-2741 
041 0 |a slo 
044 |a SK 
245 1 0 |a Politické vedy  |b časopis pre politológiu, najnovšie dejiny, medzinárodné vzťahy, bezpečnostné štúdiá 
264 1 |a Banská Bystrica  |b Fakulta politických vied a medzinárodných vzťahov UMB  |c 2007 
773 0 |w eu_un_cat*s120998 
610 2 0 |a politológia 
610 2 0 |a vzťahy politické medzinárodné